|
|
|
|
| LEADER |
00000nam a2200000 i 4500 |
| 001 |
1/42340 |
| 008 |
031013s2003 eng d |
| 020 |
|
|
|a 1861560435
|
| 035 |
|
|
|l 10071153
|
| 040 |
|
|
|a GR-MY-UA
|b gre
|e aacr
|
| 041 |
0 |
|
|a eng
|
| 082 |
0 |
|
|a 371.9144
|
| 100 |
1 |
|
|a Chinn, Stephen J.
|
| 245 |
1 |
0 |
|a Mathematics for dyslexics :
|b a teaching handbook /
|c Stephen J. Chinn and J. Richard Ashcroft
|
| 250 |
|
|
|a 2nd ed., Repr.
|
| 260 |
|
|
|a London :
|b Whurr,
|c 2003, c1998
|
| 300 |
|
|
|a xiv, 268 p.;
|b ill.;
|c 24 cm.
|
| 504 |
|
|
|a Includes bibliographical references and index
|
| 650 |
0 |
0 |
|a Mathematics
|x Study and teaching.
|
| 650 |
0 |
0 |
|a Dyslexic children
|x Education.
|
| 700 |
1 |
|
|a Ashcroft, J. Richard.
|
| 852 |
|
|
|a INST
|b SAMOS
|e 20031013
|h 371.9144 CHI
|p 005300023841
|q 005300023841
|t BK
|y 0
|
| 901 |
|
|
|a BIBL3-2003-3
|
| 909 |
|
|
|a Σ
|b 106213
|
| 922 |
|
|
|a 3ΕΛΗ
|b 200306
|c ΕΠΕΑΕΚ2/ΤΜΗΜΑ ΜΑΘΗΜΑΤΙΚΩΝ
|d ΜΙΧΑΛΟΠΟΥΛΟΣ
|
| 950 |
|
|
|a 116-2003-06-13
|
| 970 |
|
|
|a ΚΟΣΙΕΡΗΣ
|b ΧΡΗΣΤΟΣ
|z 2003/10/15
|